INTRODUCTION TO TAXATION : a textbook for law students (Record no. 8420)

MARC details
000 -LEADER
fixed length control field 00459nam a22001697a 4500
005 - DATE AND TIME OF LATEST TRANSACTION
control field 20230918113121.0
008 - FIXED-LENGTH DATA ELEMENTS--GENERAL INFORMATION
fixed length control field 230918b |||||||| |||| 00| 0 eng d
020 ## - INTERNATIONAL STANDARD BOOK NUMBER
ISBN 978-93-5569-292-4
041 ## - LANGUAGE CODE
Language code of text/sound track or separate title eng
100 ## - MAIN ENTRY--AUTHOR NAME
Personal name S, RAMAMURTHY
245 ## - TITLE STATEMENT
Title INTRODUCTION TO TAXATION : a textbook for law students
250 ## - EDITION STATEMENT
Edition statement 1st, ed.
260 ## - PUBLICATION, DISTRIBUTION, ETC. (IMPRINT)
Place of publication CHENNAI
Name of publisher COMPANY LAW INSTITUTE OF INDIA PVT. LTD
Year of publication 2023
300 ## - PHYSICAL DESCRIPTION
Number of Pages 781,p
650 ## - SUBJECT ADDED ENTRY--TOPICAL TERM
Topical Term LAW
942 ## - ADDED ENTRY ELEMENTS (KOHA)
Koha item type Books
Holdings
Lost status Damaged status Collection code Home library Current library Shelving location Date acquired Source of acquisition Cost, normal purchase price Serial Enumeration / chronology Full call number Accession Number Koha item type
    Reference JRU Library JRU Library SHELF-1-A 18/09/2023 DONATION 900.00 NEW ARRIVALS SHELF 336.2 0020/D Books